Factores exteriores: economía y política /

Guardat en:
Dades bibliogràfiques
Autor principal: Cobo, Juan
Format: Text
Etiquetes: Afegir etiqueta
Sense etiquetes, Sigues el primer a etiquetar aquest registre!

MARC

LEADER 00000 a a2200000 04500
001 697
003
040
100 |a Cobo, Juan  
245 |a Factores exteriores:   |b economía y política /  |c Juan Cobo 
773 |g número 3; páginas 56-64  
999 |c 23266  |d 23266